Milan a Velenka Ach /

Hlavní autor: Říha, Václav, 1964-
Další autoři: Švormová, Libuše, 1935-, Kubečka, Ivo, 1945-2022, Molavcová, Jitka, 1950-
Jazyk: Čeština
Vydáno: Praha : Pražská vydavatelská společnost, 2006
Edice: Království pohádek
Témata:
Fyzický popis: 1 zvuková deska (43:17) : digital, stereo 12 cm + 1 leták (12 x 12 cm)
Zvukové nahrávky
Uloženo v:
LEADER 01579nim a2200397 a 4500
001 000821869
003 CZ BrMZK
005 20180219093310.0
007 sd fsngnnmmned
008 060717s2006 xr || g cze d
040 |a BOA001  |b cze 
072 7 |a 821-93  |x Literatura pro děti a mládež (beletrie)  |2 Konspekt  |9 26 
072 7 |a 821.162.3-3  |x Česká próza  |2 Konspekt  |9 25 
080 |a 821.162.3-34  |2 MRF 
080 |a (0:82-34)  |2 MRF 
080 |a (086.7.053.2)  |2 MRF 
080 |a (086.76)  |2 MRF 
100 1 |a Říha, Václav,  |d 1964-  |7 xx0038129  |4 aut 
245 1 0 |a Milan a Velenka  |h [zvukový záznam] ;  |b Ach /  |c Václav Říha 
260 |a Praha :  |b Pražská vydavatelská společnost,  |c 2006 
300 |a 1 zvuková deska (43:17) :  |b digital, stereo  |c 12 cm +  |e 1 leták (12 x 12 cm) 
490 1 |a Království pohádek ;  |v 111 
500 |a Příloha k čas.: Království pohádek 2006/111 
511 1 |a Hrají: Libuše Švormová, Ivo Kubečka, Jitka Molavcová a další 
655 7 |a české pohádky  |7 fd133970  |2 czenas 
655 7 |a zvukové záznamy pro děti a mládež  |7 fd186726  |2 czenas 
655 7 |a kompaktní desky  |7 fd201991  |2 czenas 
700 1 |a Švormová, Libuše,  |d 1935-  |7 jn20000402938  |4 prf 
700 1 |a Kubečka, Ivo,  |d 1945-2022  |7 ola200207408  |4 prf 
700 1 |a Molavcová, Jitka,  |d 1950-  |7 jn19990209558  |4 prf 
740 0 2 |a Ach 
830 0 |a Království pohádek 
910 |a BOA001  |b CDA-1173.693 
990 |a AV 
991 |b 200609 
996 6 |b 2610287327  |c CDA-1173.693  |l MZK  |r Sklad / do 24 hodin  |n 0  |p p.v.  |w 000821869  |u 000010  |a 1  |e BOA001  |j MZK50  |s P